000 00445nam a2200157 4500
001 138896
003 ES-MaACL
005 20230906195648.0
007 t|
008 070214s1965 sp r ||||1| spa d
100 1 _aSaori, Mercedes.
_9103708
245 1 0 _aAsí en la tierra como en el sueño /
_cMercedes Saori.
260 _aLeón :
_b[s.n.],
_c1965 (
_fImp. Provincial)
300 _a58 p. ;
_c20 cm.
852 _aES-MaACL
_jF-16369
_bR.58127
999 _c138896
_d138896